|
|
|
|
| LEADER |
00000nam0a2200000 4500 |
| 001 |
145381 |
| 005 |
20231031144044.0 |
| 020 |
|
|
|a RU
|b 82-17747
|
| 035 |
|
|
|a (RuTPU)RU\TPU\book\157585
|
| 090 |
|
|
|a 145381
|
| 100 |
|
|
|a 20081016d1982 m y0rusy5003 ca
|
| 101 |
1 |
|
|a rus
|c cze
|
| 102 |
|
|
|a RU
|
| 105 |
|
|
|a a z 000ay
|
| 200 |
1 |
|
|a Бабушка
|e Картины сельской жизни
|f Б. Немцова
|g пер. с чеш. Ф. Боголюбова ; худож. А. Кашпар
|
| 210 |
|
|
|a Москва
|c Художественная литература
|d 1982
|
| 215 |
|
|
|a 222 с.
|c цв. ил.
|d 22 см.
|
| 610 |
1 |
|
|a Крестьянство в Чехии
|
| 610 |
1 |
|
|a Чехия, 19 в.
|
| 610 |
1 |
|
|a чешская литература
|
| 675 |
|
|
|a 89Д-8
|z rus
|
| 700 |
|
1 |
|a Немцова
|b Б.
|g Божена
|4 070
|
| 702 |
|
1 |
|a Боголюбова
|b Ф.
|4 730
|
| 702 |
|
1 |
|a Кашпар
|b А.
|g Адольф
|4 440
|
| 801 |
|
0 |
|a RU
|b RuMRKP
|c 19950704
|g psbo
|
| 801 |
|
1 |
|a RU
|b 63413507
|c 20081016
|g PSBO
|
| 801 |
|
2 |
|a RU
|b 63413507
|c 20081016
|g PSBO
|
| 942 |
|
|
|c BK
|